000 00409nam a2200169Ia 4500
001 11190
003 IN-NITTTR
005 20251114233104.0
008 251113s9999||||xx |||||||||||||| ||eng||
040 _beng
040 _cIN-NITTTR
041 _aeng
082 _a624.183 R33R
100 _aReynolds, Chas E.
245 0 _aReinforced concrete designer's handbook. /
_cReynolds, Chas E.
942 _2ddc
_cBK
999 _c13826
_d13826